Superman Multiple Choice Quiz - Statistics

General Stats
  • This quiz has been taken 96 times
  • The average score is 15 of 20
Answer Stats
Question Answer % Correct
What is Superman’s Kryptonian name? Kal-El
98%
Who is Superman’s archenemy? Lex Luthor
98%
What city does Superman protect? Metropolis
95%
Which newspaper does Clark Kent work for? Daily Planet
93%
What superpower does Superman not have? Telepathy
93%
Who raised Superman on Earth? Jonathan and Martha Kent
92%
Who is Superman’s biological father? Jor-El
91%
Who played Superman in the 1978 movie? Christopher Reeve
90%
What is the symbol on Superman’s chest originally meant to represent? Hope
89%
Who killed Superman in the famous 1992 storyline? Doomsday
82%
Which Justice League hero is Superman closest with? Batman
70%
What colour Kryptonite makes Superman evil? Red
68%
What was Krypton’s fate? It exploded
67%
What is Superman’s mother’s name? Lara Lor-Van
66%
What is the name of Superman’s son in the modern comics? Jonathan Kent
52%
What is Superman’s Fortress of Solitude primarily built from? Crystal
49%
Which Superman villain is an android built with Kryptonite? Metallo
48%
What year did Superman first appear in comics? 1938
44%
What is Superman vulnerable to? All of the above
43%
Which version of Superman becomes a dictator in Injustice? Kal-El
42%
No matching quizzes found
Score Distribution
Percent of People with Each Score
Percentile by Number Answered
Your Score History
You have not taken this quiz